The Quiz Title - Statistics

General Stats
  • This quiz has been taken 3 times
  • The average score is 2 of 15
Answer Stats
Hint Answer % Correct
Where in the World is a 500 ton wine bottle kept and broken every year on April Fools Day? Iwonom, Kansas.
100%
Who is the #1 user on JetPunk? ClutchNferno
67%
What is the #1 search engine? clutchweb.co
33%
Which Tornado hit JetPunk hall on February 9, 2021? The GrandPunk Tornado
33%
Who is the president of the United States? Anthony Fauci
0%
On which day did Stewart become CEO of JetPunk April 2, 2021
0%
What is the capital of Georgia & Georgia? Atlanta & Tbilisi
0%
Which place is the poorest in the world? Baja Arizona y Cochise
0%
What was the U.S. state to become one before the U.S. broke up? Baja California
0%
Which place has the biggest economy, as of 3856? Billings Custer y La Plata (Territory of Mexico)
0%
Which country was ranked as "Most democratic" by the Monowi Times? Coree du Nord
0%
What is the cause of death of ~678 people each year? Falling Bananas
0%
Which place was the first to secede from the United States? The Independent City of Astoria, QEL (Queen Elizabeth Land) in 2029
0%
Where is the Italian capital? Trieste
0%
What is the cause of ALS? Using up your battery (Credit to Trump's Extremely true facts)
0%
No matching quizzes found
Score Distribution
Percent of People with Each Score
Percentile by Number Answered
Your Score History
You have not taken this quiz